[Event "Titled Tuesday intern op 16th Apr Early"]
[Site "Chess.com INT"]
[Date "2024.04.16"]
[Round "11"]
[White "Cardozo Munar, Carlos Eduardo"]
[Black "Offermann, Fernando"]
[Result "0-1"]
[WhiteElo "2043"]
[BlackElo "2085"]
[PlyCount "90"]
[EventDate "2024.04.16"]
[EventType "swiss (blitz)"]
[EventRounds "11"]
[EventCountry "USA"]
[SourceTitle "CB17_2024"]
[SourceDate "2024.04.24"]
[SourceVersion "1"]
[SourceVersionDate "2024.04.24"]
[SourceQuality "1"]

1. d4 Nf6 2. Bg5 g6 3. Bxf6 exf6 4. g3 f5 5. e3 d5 6. Nd2 c6 7. Bg2 Nd7 8. Ne2 Nf6 9. 0-0 Bd6 10. c4 dxc4 11. Nxc4 Bc7 12. b4 0-0 13. a4 a6 14. Nc3 Re8 15. b5 Nd5 16. Nxd5 cxd5 17. Ne5 Be6 18. bxa6 Rxa6 19. Qb3 Rb6 20. Qa2 Qd6 21. Rfc1 Ra8 22. Rxc7 Qxc7 23. Bxd5 Qc3 24. Bxe6 Rxe6 25. Rb1 Qc7 26. Qd5 Ra7 27. h4 Kg7 28. h5 gxh5 29. Nf3 Ra5 30. Qxb7 Qxb7 31. Rxb7 Rxa4 32. Rb5 Rf6 33. Nh4 Ra1+ 34. Kg2 Raa6 35. Nxf5+ Kg6 36. Nh4+ Kh6 37. e4 Rab6 38. Nf5+ Kg6 39. Rxb6 Rxb6 40. d5 Kf6 41. d6 Rb7 42. f3 Ke5 43. Kh3 Ke6 44. Kh4 Rb3 45. f4 Rb4 0-1

[Event "Titled Tuesday intern op 16th Apr Early"]
[Site "Chess.com INT"]
[Date "2024.04.16"]
[Round "9"]
[White "Offermann, Fernando"]
[Black "Carbone, Diego"]
[Result "0-1"]
[WhiteElo "2085"]
[BlackElo "2278"]
[PlyCount "52"]
[EventDate "2024.04.16"]
[EventType "swiss (blitz)"]
[EventRounds "11"]
[EventCountry "USA"]
[SourceTitle "CB17_2024"]
[SourceDate "2024.04.24"]
[SourceVersion "1"]
[SourceVersionDate "2024.04.24"]
[SourceQuality "1"]

1. Nf3 Nf6 2. g3 d5 3. Bg2 e6 4. 0-0 Be7 5. d3 c5 6. Nbd2 Nc6 7. e4 b5 8. a4 b4 9. e5 Nd7 10. Re1 Qc7 11. Qe2 h6 12. h4 a5 13. Nf1 Ba6 14. h5 Nd4 15. Nxd4 cxd4 16. Bf4 Rc8 17. Rac1 Nc5 18. b3 0-0 19. Qg4 Kh8 20. Bd2 Nd7 21. Qxd4 Bc5 22. Qf4 f6 23. exf6 Rxf6 24. Qxc7 Rxc7 25. Nh2 Bxf2+ 26. Kf1 Bxg3+ 0-1

[Event "Titled Tuesday intern op 16th Apr Early"]
[Site "Chess.com INT"]
[Date "2024.04.16"]
[Round "1"]
[White "Piesik, Piotr"]
[Black "Offermann, Fernando"]
[Result "0-1"]
[WhiteElo "2417"]
[BlackElo "2085"]
[PlyCount "64"]
[EventDate "2024.04.16"]
[EventType "swiss (blitz)"]
[EventRounds "11"]
[EventCountry "USA"]
[SourceTitle "CB17_2024"]
[SourceDate "2024.04.24"]
[SourceVersion "1"]
[SourceVersionDate "2024.04.24"]
[SourceQuality "1"]

1. Nf3 g6 2. g3 Bg7 3. d4 c5 4. c3 Qc7 5. Bg2 d5 6. 0-0 Nf6 7. Bf4 Qb6 8. Qb3 Nc6 9. dxc5 Qxc5 10. Nbd2 0-0 11. Rad1 h6 12. Ne5 Rd8 13. Nd3 Qa5 14. Nf3 Ne4 15. Nfe5 Nxe5 16. Bxe5 Nf6 17. Nb4 e6 18. c4 Bd7 19. cxd5 exd5 20. Bxf6 Bxf6 21. Nxd5 Bg7 22. Rc1 Be6 23. e4 Rd7 24. Rc2 Rad8 25. a3 f5 26. Qb4 Qxb4 27. Nxb4 a5 28. Nd5 fxe4 29. Nb6 Rd2 30. Rfc1 Rxc2 31. Rxc2 Rd1+ 32. Bf1 Bh3 0-1

[Event "Berlin-ch"]
[Site "Berlin"]
[Date "2024.03.30"]
[Round "1"]
[White "Offermann, Fernando"]
[Black "Lagunow, Alexander"]
[Result "0-1"]
[WhiteElo "2082"]
[BlackElo "2350"]
[PlyCount "73"]
[EventDate "2024.03.30"]
[EventType "swiss"]
[EventRounds "9"]
[EventCountry "GER"]
[SourceTitle "CB15_2024"]
[SourceDate "2024.04.10"]
[SourceVersion "1"]
[SourceVersionDate "2024.04.10"]
[SourceQuality "1"]

1. d4 Nf6 2. c4 e6 3. Nc3 Bb4 4. e3 b6 5. Nge2 Ba6 6. a3 Be7 7. b3 d5 8. cxd5 Nxd5 9. Nxd5 Qxd5 10. Nf4 Qb7 11. Bxa6 Qxa6 12. Qd3 Bd6 13. 0-0 Bxf4 14. Qe4 Bxh2+ 15. Kxh2 Qxf1 16. Qxa8 0-0 17. Qxa7 Nd7 18. Qxc7 Nf6 19. f3 Nd5 20. Qc2 Nxe3 21. Qd2 Nd5 22. Bb2 Qb5 23. b4 Rc8 24. Rc1 Rxc1 25. Qxc1 h6 26. Qd2 Qc4 27. Kg1 b5 28. Kf2 Kf8 29. Ke1 Ke7 30. Kf2 f6 31. Ke1 Nb6 32. Qe2 Qxe2+ 33. Kxe2 h5 34. Kd3 Kd6 35. Kc3 Kd5 36. Kb3 Na4 37. Bc1 0-1

[Event "Titled Tuesday intern op 13th Feb Early"]
[Site "Chess.com INT"]
[Date "2024.02.13"]
[Round "3"]
[White "Vujovic, Vera"]
[Black "Offermann, Fernando"]
[Result "0-1"]
[WhiteElo "2123"]
[BlackElo "2075"]
[PlyCount "78"]
[EventDate "2024.02.13"]
[EventType "swiss (blitz)"]
[EventRounds "11"]
[EventCountry "USA"]
[SourceTitle "CB08_2024"]
[SourceDate "2024.02.21"]
[SourceVersion "1"]
[SourceVersionDate "2024.02.21"]
[SourceQuality "1"]

1. e4 c5 2. Nf3 d6 3. d4 cxd4 4. Nxd4 Nf6 5. Nc3 a6 6. Be3 e6 7. Qd2 b5 8. f3 h5 9. 0-0-0 Bb7 10. Nb3 Nbd7 11. Bd4 Qc7 12. Qe3 b4 13. Ne2 d5 14. e5 Ng8 15. Nf4 Ne7 16. Nd3 Nf5 17. Qf2 Nxd4 18. Qxd4 Be7 19. Re1 a5 20. Nd2 Rc8 21. c4 bxc3 22. bxc3 Qxc3+ 23. Qxc3 Rxc3+ 24. Kb2 d4 25. Nb3 0-0 26. Nxd4 Rfc8 27. Be2 Ba3+ 28. Kb1 Bd5 29. Nb3 a4 30. Nbc1 Rb8+ 31. Ka1 Bb2+ 32. Nxb2 Rc2 33. Ncd3 a3 34. Bd1 axb2+ 35. Kb1 Rxg2 36. Bb3 Bxb3 37. axb3 Rxb3 38. Rd1 Nb6 39. Rhe1 Nc4 0-1

[Event "Oberliga Nord O 2122"]
[Site "Germany"]
[Date "2021.10.31"]
[Round "1.7"]
[White "Szylko, Waldemar"]
[Black "Offermann, Fernando"]
[Result "1/2-1/2"]
[WhiteElo "1924"]
[BlackElo "2178"]
[PlyCount "96"]
[EventDate "2021.10.31"]
[EventType "team-tourn"]
[EventRounds "9"]
[EventCountry "GER"]
[SourceTitle "EXT 2023"]
[Source "ChessBase"]
[SourceDate "2022.10.05"]
[SourceVersion "1"]
[SourceVersionDate "2022.10.05"]
[SourceQuality "1"]
[WhiteTeam "Forster"]
[BlackTeam "Berlin SF III"]
[WhiteTeamCountry "GER"]
[BlackTeamCountry "GER"]

1. e4 c5 2. Nc3 a6 3. g3 b5 4. Bg2 Bb7 5. d3 e6 6. f4 d5 7. e5 h5 8. Nf3 Ne7 9. Nh4 g6 10. 0-0 Nec6 11. h3 Be7 12. Nf3 Nd7 13. Bd2 Nb6 14. a4 b4 15. Ne2 d4 16. b3 Nd5 17. h4 Qd7 18. Kh2 0-0-0 19. Neg1 Kb8 20. Nh3 Rdf8 21. Qe2 Rfg8 22. Nhg5 Rg7 23. Rae1 Ka7 24. Ne4 a5 25. Nfg5 Kb6 26. Bh3 Ba8 27. Bc1 Bb7 28. Bg2 Qd8 29. Bh3 Bc8 30. Bg2 Qc7 31. Bh3 Bf8 32. Bg2 Ba6 33. Bd2 Be7 34. Bh3 Qd7 35. Bg2 Bb7 36. Qf2 Ba8 37. Bc1 Rd8 38. Bh3 Bf8 39. Nf6 Qc8 40. Nxd5+ Rxd5 41. Ne4 Rd8 42. Bg2 Qc7 43. Nd2 Be7 44. Nc4+ Ka6 45. Be4 Rgg8 46. Qg2 Rc8 47. Bd2 Rb8 48. Re2 Rbe8 1/2-1/2

[Event "Oberliga Nord O 1819"]
[Site "Germany"]
[Date "2018.11.25"]
[Round "3.8"]
[White "Offermann, Fernando"]
[Black "Ebert, Lutz"]
[Result "1-0"]
[WhiteElo "2143"]
[BlackElo "1877"]
[PlyCount "125"]
[EventDate "2018.10.21"]
[EventType "team-tourn"]
[EventRounds "9"]
[EventCountry "GER"]
[SourceTitle "EXT 2020"]
[Source "ChessBase"]
[SourceDate "2019.10.17"]
[SourceVersion "1"]
[SourceVersionDate "2019.10.17"]
[SourceQuality "1"]
[WhiteTeam "Berlin SF III"]
[BlackTeam "Guestrow/Teterow"]
[WhiteTeamCountry "GER"]
[BlackTeamCountry "GER"]

1. d4 c5 2. d5 e5 3. e4 d6 4. Nc3 a6 5. a4 Ne7 6. Nf3 Ng6 7. a5 Bg4 8. h3 Bxf3 9. Qxf3 Be7 10. Nd1 0-0 11. g3 Nd7 12. h4 Re8 13. Ne3 b5 14. axb6 Qxb6 15. Nc4 Qc7 16. Bd2 Reb8 17. Bd3 Qc8 18. 0-0 Nb6 19. Na5 Qh3 20. Be2 Nd7 21. b3 f5 22. Qxf5 Qxf5 23. exf5 Ngf8 24. Nc6 Re8 25. Nxe7+ Rxe7 26. Bxa6 Nf6 27. Bc4 Rea7 28. Rxa7 Rxa7 29. b4 N8d7 30. bxc5 Nxc5 31. Rb1 Kf7 32. Be3 Nfd7 33. Bf1 h6 34. f3 Ra3 35. Kf2 Rc3 36. Rb2 Kf6 37. g4 Ra3 38. Bh3 Rd3 39. g5+ hxg5 40. hxg5+ Kf7 41. Bf1 Rc3 42. Be2 Ke7 43. Ra2 Nb6 44. Bd2 Nxd5 45. Ra7+ Kf8 46. Bxc3 Nxc3 47. Rc7 Nd5 48. Rc6 Nc3 49. Rc8+ Ke7 50. Rc7+ Kf8 51. Bc4 Nd1+ 52. Ke2 Nc3+ 53. Kd2 Nb1+ 54. Kc1 Na3 55. Bd5 Nb5 56. Rf7+ Ke8 57. Rxg7 Nc3 58. Bf7+ Kd7 59. f6 e4 60. Bd5+ Ke8 61. Rg8+ Kd7 62. fxe4 N3xe4 63. f7 1-0

[Event "Berlin Cup KO"]
[Site "Berlin"]
[Date "2016.09.15"]
[Round "2.7"]
[White "Keskowski, Thilo"]
[Black "Offermann, Fernando"]
[Result "1-0"]
[WhiteElo "2043"]
[BlackElo "2120"]
[PlyCount "119"]
[EventDate "2016.09.08"]
[EventType "k.o."]
[EventRounds "5"]
[EventCountry "GER"]
[SourceTitle "EXT 2022"]
[Source "ChessBase"]
[SourceDate "2021.10.06"]
[SourceVersion "1"]
[SourceVersionDate "2021.10.06"]
[SourceQuality "1"]

1. c4 g6 2. g3 Bg7 3. Bg2 Nf6 4. Nc3 0-0 5. e4 c5 6. Nge2 Nc6 7. 0-0 Ne8 8. d3 Nc7 9. Be3 Ne6 10. Qd2 Ned4 11. Bh6 d6 12. Bxg7 Kxg7 13. b4 Nxe2+ 14. Nxe2 Nxb4 15. d4 e5 16. dxe5 dxe5 17. Qb2 Qe7 18. Nf4 f6 19. Nd5 Nxd5 20. exd5 Rb8 21. Rae1 Qd6 22. f4 exf4 23. Rxf4 Bd7 24. Ref1 b5 25. Qa3 a6 26. cxb5 axb5 27. Qa7 Rf7 28. Rc1 Rc8 29. Qa3 Rff8 30. h4 h5 31. Qb2 c4 32. Kh2 Rce8 33. a4 bxa4 34. Rcxc4 Rb8 35. Qc2 Rb3 36. Rc7 Rf7 37. Rc6 Qe5 38. Ra6 Bf5 39. Qc4 Qe1 40. Rf3 Rb4 41. Qc5 Rb2 42. Ra7 Qd2 43. Rxf7+ Kxf7 44. Qa7+ Kg8 45. Qa8+ Kg7 46. Qa7+ Kh6 47. Qe3+ Qxe3 48. Rxe3 Rd2 49. Kg1 Bc2 50. Re6 Bb3 51. Ra6 Kg7 52. d6 Kf7 53. Bb7 Ke6 54. Bc8+ Ke5 55. d7 Ke4 56. Bb7+ Ke5 57. Bc6 Ke6 58. Bxa4+ Ke7 59. Bxb3 Rd3 60. Ba4 1-0

[Event "Oberliga Nord O 1314"]
[Site "Germany"]
[Date "2014.04.06"]
[Round "9.4"]
[White "Niehaus, Frank"]
[Black "Offermann, Fernando"]
[Result "0-1"]
[WhiteElo "2211"]
[BlackElo "2149"]
[PlyCount "64"]
[EventDate "2013.10.13"]
[EventType "team-tourn"]
[EventRounds "9"]
[EventCountry "GER"]
[SourceTitle "EXT 2015"]
[Source "ChessBase"]
[SourceDate "2014.11.20"]
[SourceVersion "1"]
[SourceVersionDate "2014.11.20"]
[SourceQuality "1"]
[WhiteTeam "Koenig Tegel II"]
[BlackTeam "Berlin SF III"]
[WhiteTeamCountry "GER"]
[BlackTeamCountry "GER"]

1. e4 e5 2. f4 exf4 3. Nf3 d6 4. Bc4 h6 5. 0-0 g5 6. d4 Bg7 7. c3 Nc6 8. b4 Nf6 9. Bd3 0-0 10. a4 d5 11. e5 Ne4 12. Ra2 f5 13. exf6 Rxf6 14. Re2 Bf5 15. Qc2 Rf7 16. b5 Ne7 17. Ne5 Bxe5 18. dxe5 Qd7 19. c4 c6 20. e6 Qxe6 21. Bb2 Qg6 22. Kh1 Kh7 23. Rd1 Nd6 24. bxc6 bxc6 25. cxd5 Bxd3 26. Rxd3 Nxd5 27. Na3 Nf5 28. Rb3 Nfe3 29. Qc5 Re8 30. h3 Rfe7 31. a5 f3 32. gxf3 Qf5 0-1

[Event "Oberliga Nord O 1314"]
[Site "Germany"]
[Date "2014.03.16"]
[Round "8.6"]
[White "Offermann, Fernando"]
[Black "Eichstaedt, Mirko"]
[Result "0-1"]
[WhiteElo "2149"]
[BlackElo "1930"]
[PlyCount "70"]
[EventDate "2013.10.13"]
[EventType "team-tourn"]
[EventRounds "9"]
[EventCountry "GER"]
[SourceTitle "EXT 2015"]
[Source "ChessBase"]
[SourceDate "2014.11.20"]
[SourceVersion "1"]
[SourceVersionDate "2014.11.20"]
[SourceQuality "1"]
[WhiteTeam "Berlin SF III"]
[BlackTeam "Potsdam USV"]
[WhiteTeamCountry "GER"]
[BlackTeamCountry "GER"]

1. d4 d5 2. c4 c6 3. Nf3 Nf6 4. Qc2 g6 5. e3 Bf5 6. Qb3 Qb6 7. c5 Qc7 8. Qa3 a5 9. Nc3 Nfd7 10. b4 e5 11. b5 Bg7 12. h3 0-0 13. Bb2 exd4 14. Nxd4 Bxd4 15. exd4 Re8+ 16. Be2 Bd3 17. Kf1 Bxe2+ 18. Nxe2 cxb5 19. Qb3 Nf6 20. Qxb5 Qc6 21. Qd3 Na6 22. f3 Nh5 23. Kf2 Qc7 24. g4 Nb4 25. Qb5 Nf4 26. Nc1 Qe7 27. Kg3 h5 28. h4 hxg4 29. a3 Nc2 30. Kxf4 gxf3 31. Qd3 Qf6+ 32. Kg3 Re3 33. Qd1 f2+ 34. Kg2 Re1 35. Qxc2 Rxh1 0-1

[Event "Oberliga Nord O 1314"]
[Site "Germany"]
[Date "2014.01.19"]
[Round "5.5"]
[White "Valet, Richard"]
[Black "Offermann, Fernando"]
[Result "0-1"]
[WhiteElo "2062"]
[BlackElo "2149"]
[PlyCount "106"]
[EventDate "2013.10.13"]
[EventType "team-tourn"]
[EventRounds "9"]
[EventCountry "GER"]
[SourceTitle "EXT 2015"]
[Source "ChessBase"]
[SourceDate "2014.11.20"]
[SourceVersion "1"]
[SourceVersionDate "2014.11.20"]
[SourceQuality "1"]
[WhiteTeam "Greifswald"]
[BlackTeam "Berlin SF III"]
[WhiteTeamCountry "GER"]
[BlackTeamCountry "GER"]

1. e4 c5 2. Nc3 a6 3. g3 b5 4. Bg2 Bb7 5. d3 e6 6. f4 Ne7 7. Be3 Qc7 8. Nf3 d5 9. exd5 Nxd5 10. Nxd5 Bxd5 11. 0-0 Be7 12. Qd2 Nd7 13. Rae1 0-0 14. b3 c4 15. h3 Rac8 16. Kh2 cxd3 17. cxd3 Qc2 18. Rc1 Qxd2 19. Nxd2 Bxg2 20. Kxg2 Ba3 21. Rxc8 Rxc8 22. Ne4 h6 23. d4 Nb6 24. Nc5 Nd5 25. Bf2 Rc6 26. Rd1 Kf8 27. Kf3 Ke7 28. g4 Nc3 29. Rd2 Nd5 30. Bh4+ Ke8 31. Bf2 Bc1 32. Rc2 Bxf4 33. a4 b4 34. Be1 Bd6 35. Rc4 Bxc5 36. dxc5 a5 37. Bg3 Kd7 38. Be5 f6 39. Bb8 Rc8 40. Bg3 Kc6 41. Ke4 Rd8 42. Bd6 h5 43. g5 fxg5 44. Ke5 Re8 45. Rc1 Nf6 46. Rg1 g4 47. hxg4 Nxg4+ 48. Kf4 e5+ 49. Kg5 Nf6 50. Kg6 Ne4 51. Kxh5 Nxd6 52. cxd6 Kxd6 53. Rxg7 e4 0-1

[Event "Oberliga Nord O 1213"]
[Site "Germany"]
[Date "2013.02.24"]
[Round "7.8"]
[White "Offermann, Fernando"]
[Black "Lehmann, Alexander"]
[Result "1-0"]
[WhiteElo "2137"]
[BlackElo "1982"]
[PlyCount "107"]
[EventDate "2012.10.17"]
[EventType "team-tourn"]
[EventRounds "9"]
[EventCountry "GER"]
[SourceTitle "EXT 2015"]
[Source "ChessBase"]
[SourceDate "2014.11.20"]
[SourceVersion "1"]
[SourceVersionDate "2014.11.20"]
[SourceQuality "1"]
[WhiteTeam "Berlin SF"]
[BlackTeam "Cottbus Lokomotive"]
[WhiteTeamCountry "GER"]
[BlackTeamCountry "GER"]

1. d4 e6 2. g3 d5 3. Bg2 Nf6 4. c4 c6 5. Qc2 Nbd7 6. Nd2 b6 7. Ngf3 Bb7 8. cxd5 cxd5 9. 0-0 Be7 10. Ne1 0-0 11. Ndf3 Rc8 12. Qa4 Bc6 13. Qb3 Ne4 14. Nd3 Bb7 15. Bf4 Bd6 16. Be3 Qe7 17. Rfc1 Rfd8 18. Qa4 a6 19. Nfe1 Nef6 20. Bg5 h6 21. Bd2 Nb8 22. Qb3 Nfd7 23. e3 Nc6 24. Bf1 Rc7 25. Rc2 Rdc8 26. Rac1 b5 27. a4 bxa4 28. Qxa4 Nb6 29. Qa2 Nc4 30. Bc3 Na7 31. Ne5 Bxe5 32. dxe5 Nb5 33. Bd4 Nxd4 34. exd4 Rc6 35. Nd3 Nxe5 36. Rxc6 Nxc6 37. Qa4 Nb8 38. Rc5 Qd7 39. Qa5 Nc6 40. Qc3 Nb8 41. Ne5 Rxc5 42. Qxc5 Qc8 43. Qe7 f5 44. Qf7+ Kh7 45. Qg6+ Kg8 46. Qf7+ Kh7 47. Ng6 Qg8 48. Nf8+ Kh8 49. Qe7 Bc8 50. Ng6+ Kh7 51. Ne5 h5 52. Be2 Kh8 53. Bxh5 Kh7 54. Bg6+ 1-0

[Event "Berlin-ch class M"]
[Site "Berlin"]
[Date "2012.04.13"]
[Round "7.7"]
[White "Offermann, Fernando"]
[Black "Zschaebitz, Klaus"]
[Result "1-0"]
[WhiteElo "2130"]
[BlackElo "2123"]
[PlyCount "63"]
[EventDate "2012.04.08"]
[EventType "swiss"]
[EventRounds "7"]
[EventCountry "GER"]
[SourceTitle "EXT 2022"]
[Source "ChessBase"]
[SourceDate "2021.10.06"]
[SourceVersion "1"]
[SourceVersionDate "2021.10.06"]
[SourceQuality "1"]

1. d4 g6 2. e4 Bg7 3. Nc3 d6 4. Nf3 Nd7 5. Be3 a6 6. a4 e6 7. Be2 b6 8. 0-0 Bb7 9. d5 Bxc3 10. bxc3 e5 11. Nd2 g5 12. Bh5 Qf6 13. a5 Qg7 14. axb6 cxb6 15. Nc4 Ke7 16. Bxb6 Ngf6 17. Ne3 Nxb6 18. Nf5+ Kf8 19. Nxg7 Kxg7 20. Rb1 Nfd7 21. Rxb6 Nxb6 22. Qb1 Bxd5 23. Qxb6 Bxe4 24. Qxd6 Rhe8 25. Re1 Re6 26. Qd2 Bg6 27. Be2 h6 28. Ra1 a5 29. Qd5 Rc8 30. Qxa5 Be4 31. Qb4 Ba8 32. Bg4 1-0

[Event "Berlin-ch class M"]
[Site "Berlin"]
[Date "2012.04.11"]
[Round "5.6"]
[White "Moritz, Aron"]
[Black "Offermann, Fernando"]
[Result "1/2-1/2"]
[WhiteElo "2104"]
[BlackElo "2130"]
[PlyCount "50"]
[EventDate "2012.04.08"]
[EventType "swiss"]
[EventRounds "7"]
[EventCountry "GER"]
[SourceTitle "EXT 2022"]
[Source "ChessBase"]
[SourceDate "2021.10.06"]
[SourceVersion "1"]
[SourceVersionDate "2021.10.06"]
[SourceQuality "1"]

1. e4 c5 2. Nf3 d6 3. d4 cxd4 4. Nxd4 Nf6 5. Nc3 a6 6. Be3 e6 7. f4 b5 8. Qf3 Bb7 9. Bd3 Nbd7 10. g4 b4 11. Nce2 Nc5 12. Ng3 e5 13. Ndf5 exf4 14. Bxf4 d5 15. 0-0-0 Qa5 16. Rhe1 0-0-0 17. g5 dxe4 18. Nxe4 Nxd3+ 19. Rxd3 Rxd3 20. Qxd3 Nxe4 21. Rxe4 Bxe4 22. Qxe4 Qb5 23. Qa8+ Kd7 24. Qa7+ Ke8 25. Qa8+ Kd7 1/2-1/2

[Event "Berlin-ch class M"]
[Site "Berlin"]
[Date "2012.04.10"]
[Round "4.4"]
[White "Offermann, Fernando"]
[Black "Lerch, Philipp"]
[Result "0-1"]
[WhiteElo "2130"]
[BlackElo "2048"]
[PlyCount "68"]
[EventDate "2012.04.08"]
[EventType "swiss"]
[EventRounds "7"]
[EventCountry "GER"]
[SourceTitle "EXT 2022"]
[Source "ChessBase"]
[SourceDate "2021.10.06"]
[SourceVersion "1"]
[SourceVersionDate "2021.10.06"]
[SourceQuality "1"]

1. Nf3 d5 2. g3 c6 3. Bg2 Nf6 4. 0-0 Bg4 5. d3 e6 6. c4 Bd6 7. h3 Bh5 8. Qc2 0-0 9. b3 e5 10. e4 dxe4 11. dxe4 Bxf3 12. Bxf3 Qe7 13. a3 a5 14. Nc3 Na6 15. Bb2 Rad8 16. Ne2 b6 17. Bg2 Bc5 18. Kh2 Rfe8 19. f4 exf4 20. e5 fxg3+ 21. Nxg3 Nd7 22. Bxc6 Qg5 23. Bd5 Nxe5 24. Rae1 Rxd5 25. cxd5 Nf3+ 26. Rxf3 Rxe1 27. Qd3 Bd6 28. Bc3 Nc5 29. Qc4 Re8 30. h4 Qg6 31. Kh3 h5 32. Qd4 Ne4 33. Be1 Qg4+ 34. Kg2 Nxg3 0-1

[Event "Berlin-ch class M"]
[Site "Berlin"]
[Date "2012.04.09"]
[Round "3.5"]
[White "Stark, Ingo"]
[Black "Offermann, Fernando"]
[Result "0-1"]
[WhiteElo "2184"]
[BlackElo "2130"]
[PlyCount "68"]
[EventDate "2012.04.08"]
[EventType "swiss"]
[EventRounds "7"]
[EventCountry "GER"]
[SourceTitle "EXT 2022"]
[Source "ChessBase"]
[SourceDate "2021.10.06"]
[SourceVersion "1"]
[SourceVersionDate "2021.10.06"]
[SourceQuality "1"]

1. e4 c5 2. Nf3 d6 3. d4 cxd4 4. Nxd4 Nf6 5. Nc3 a6 6. h3 e6 7. g4 b5 8. Bg2 Bb7 9. 0-0 b4 10. Nd5 exd5 11. exd5 Be7 12. g5 Nfd7 13. Nc6 Qc7 14. Nxe7 Kxe7 15. Qd4 Kf8 16. Re1 Nc5 17. Bf4 Nbd7 18. Re2 f6 19. Rae1 Ne5 20. gxf6 gxf6 21. Bh6+ Kf7 22. f4 Ng6 23. f5 Ne5 24. Qh4 Rag8 25. Qh5+ Ke7 26. Kh2 Kd8 27. Qh4 Qf7 28. a3 Rxg2+ 29. Kxg2 Qxd5+ 30. Kf1 Qh1+ 31. Kf2 Qf3+ 32. Kg1 Rg8+ 33. Kh2 Rg2+ 34. Rxg2 Qxg2# 0-1

[Event "Berlin-ch"]
[Site "Berlin"]
[Date "2010.04.04"]
[Round "5"]
[White "Offermann, Fernando"]
[Black "Von Herman, Ulf"]
[Result "1/2-1/2"]
[WhiteElo "2094"]
[BlackElo "2421"]
[PlyCount "39"]
[EventDate "2010.03.30"]
[EventType "swiss"]
[EventRounds "9"]
[EventCountry "GER"]
[SourceTitle "CBM 135 Extra"]
[Source "ChessBase"]
[SourceDate "2010.05.04"]
[SourceVersion "1"]
[SourceVersionDate "2010.05.04"]
[SourceQuality "1"]

1. d4 Nf6 2. c4 e5 3. dxe5 Ng4 4. Bf4 g5 5. Bg3 Bg7 6. Nf3 Nc6 7. Nc3 Ngxe5 8. Nxe5 Nxe5 9. e3 d6 10. Be2 Be6 11. h4 g4 12. h5 f5 13. Qc2 Qd7 14. Nd5 Bxd5 15. cxd5 h6 16. e4 0-0 17. exf5 Rxf5 18. 0-0-0 c5 19. dxc6 bxc6 20. Rxd6 1/2-1/2

[Event "Berlin-ch"]
[Site "Berlin"]
[Date "2010.04.01"]
[Round "3"]
[White "Offermann, Fernando"]
[Black "Keskowski, Thilo"]
[Result "1-0"]
[WhiteElo "2094"]
[BlackElo "2164"]
[PlyCount "47"]
[EventDate "2010.03.30"]
[EventType "swiss"]
[EventRounds "9"]
[EventCountry "GER"]
[SourceTitle "CBM 135 Extra"]
[Source "ChessBase"]
[SourceDate "2010.05.04"]
[SourceVersion "1"]
[SourceVersionDate "2010.05.04"]
[SourceQuality "1"]

1. Nf3 Nf6 2. c4 e6 3. g3 b6 4. Bg2 Bb7 5. 0-0 Be7 6. Nc3 0-0 7. Re1 d5 8. cxd5 Nxd5 9. d3 c5 10. a3 Nc6 11. Ne4 h6 12. Rb1 Qc7 13. e3 Rfd8 14. Qc2 Rac8 15. b3 Ba6 16. Bf1 Qb7 17. Bb2 f5 18. Ned2 Ncb4 19. axb4 cxb4 20. Nc4 b5 21. Nd4 bxc4 22. dxc4 Nc3 23. Ra1 Qb6 24. c5 1-0

[Event "Berlin-ch"]
[Site "Berlin"]
[Date "2010.03.30"]
[Round "1"]
[White "Offermann, Fernando"]
[Black "Schulz, Michael"]
[Result "1/2-1/2"]
[WhiteElo "2094"]
[BlackElo "2229"]
[PlyCount "35"]
[EventDate "2010.03.30"]
[EventType "swiss"]
[EventRounds "9"]
[EventCountry "GER"]
[SourceTitle "CBM 135 Extra"]
[Source "ChessBase"]
[SourceDate "2010.05.04"]
[SourceVersion "1"]
[SourceVersionDate "2010.05.04"]
[SourceQuality "1"]

1. d4 Nf6 2. c4 c5 3. d5 e6 4. Nc3 exd5 5. cxd5 d6 6. e4 g6 7. h3 Bg7 8. Nf3 0-0 9. Bd3 b6 10. 0-0 Ba6 11. Re1 Bxd3 12. Qxd3 a6 13. a4 Re8 14. Bf4 Nh5 15. Bh2 Be5 16. Nxe5 dxe5 17. Rab1 Nd7 18. b4 1/2-1/2

[Event "Berlin op 08"]
[Site "Berlin"]
[Date "2006.08.26"]
[Round "8"]
[White "Koerner, Helmut"]
[Black "Offermann, Fernando"]
[Result "0-1"]
[WhiteElo "1810"]
[BlackElo "1986"]
[PlyCount "52"]
[EventDate "2006.08.19"]
[EventType "swiss"]
[EventRounds "9"]
[EventCountry "GER"]
[SourceTitle "EXT 2007"]
[Source "ChessBase"]
[SourceDate "2006.11.23"]
[SourceVersion "1"]
[SourceVersionDate "2006.11.23"]
[SourceQuality "1"]

1. b4 e5 2. Bb2 Bxb4 3. Bxe5 Nf6 4. a3 Ba5 5. Nf3 0-0 6. e3 d5 7. Be2 c5 8. 0-0 Nc6 9. Bb2 d4 10. a4 Bc7 11. Na3 a6 12. Re1 Rb8 13. exd4 cxd4 14. Nc4 Qd5 15. Bd3 Bg4 16. Ba3 Rfe8 17. Rxe8+ Rxe8 18. Rb1 b5 19. axb5 axb5 20. Rxb5 Qxb5 21. Nd6 Qh5 22. Nxe8 Nxe8 23. h3 Bd7 24. Be2 Qd5 25. Bb2 Bb6 26. Qf1 Nd6 0-1

[Event "Berlin Lichtenberger op 5th"]
[Site "Berlin"]
[Date "2006.08.25"]
[Round "7"]
[White "Offermann, Fernando"]
[Black "Plump, Detlef"]
[Result "0-1"]
[WhiteElo "2082"]
[BlackElo "2253"]
[PlyCount "90"]
[EventDate "2006.08.19"]
[EventType "swiss"]
[EventRounds "9"]
[EventCountry "GER"]
[SourceTitle "CBM 113 Extra"]
[Source "ChessBase"]
[SourceDate "2006.09.14"]
[SourceVersion "1"]
[SourceVersionDate "2006.09.14"]
[SourceQuality "1"]

1. e4 c5 2. Nf3 e6 3. d4 cxd4 4. Nxd4 a6 5. Nc3 Qc7 6. Bd3 Nf6 7. 0-0 Nc6 8. Nb3 Be7 9. a4 b6 10. f4 d6 11. Bd2 Bb7 12. Qe2 0-0 13. Rae1 Nb4 14. Kh1 e5 15. fxe5 dxe5 16. Bg5 Nxd3 17. Qxd3 Rad8 18. Qe2 Ne8 19. Bc1 Nd6 20. Qg4 f6 21. Nd2 Qd7 22. Qg3 Qe6 23. Qe3 Nc8 24. Nf3 Bc5 25. Qe2 Ne7 26. Rd1 Bb4 27. Rxd8 Rxd8 28. Nd1 Ng6 29. c3 Bf8 30. Qc2 Qc4 31. Re1 Bc5 32. Nf2 Bxf2 33. Qxf2 Qxa4 34. Qxb6 Qd7 35. h3 Rc8 36. Kh2 h6 37. Qf2 Qd3 38. Nh4 Bxe4 39. Nxg6 Bxg6 40. Be3 f5 41. Bc1 Re8 42. Qb6 Kh7 43. Qc7 f4 44. Kg1 Qg3 45. Rf1 Be4 0-1